K problematike jednotnej prezentácie štátu v zahraničí

Príspevok je súčasťou projektu VEGA Postavenie a úlohy diplomacie v procese jednotnej prezentácie štátu (1/0763/10), spracovávaného na Fakulte medzinárodných vzťahov Ekonomickej univerzity v Bratislave. Jeho cieľom je stanoviť obsah, zameranie a teoretické a metodické postupy skúmanej problematiky....

Descrizione completa

Salvato in:
Dettagli Bibliografici
Autore principale: Rusiňák, Peter
Natura: Capitolo di libro
Lingua:slovacco
Soggetti:
Tags: Aggiungi Tag
Nessun Tag, puoi essere il primo ad aggiungerne!!

MARC

LEADER 00000nla$a2200000$$$4500
001 0128063
005 20240502072448.3
041 0 |a slo 
044 |a SK 
245 1 0 |a K problematike jednotnej prezentácie štátu v zahraničí  |c Peter Rusiňák 
520 |a Príspevok je súčasťou projektu VEGA Postavenie a úlohy diplomacie v procese jednotnej prezentácie štátu (1/0763/10), spracovávaného na Fakulte medzinárodných vzťahov Ekonomickej univerzity v Bratislave. Jeho cieľom je stanoviť obsah, zameranie a teoretické a metodické postupy skúmanej problematiky. Autor sa v príspevku zameriava najmä na terminologické aspekty skúmanej problematiky. K termínu jednotná prezentácia štátu v zahraničí, klasická diplomacia, verejná diplomacia, propaganda a branding. 
610 2 0 |a štát 
610 2 0 |a prezentácia 
610 2 0 |a imidž 
610 2 0 |a diplomacia 
610 2 0 |a pojmy 
610 2 0 |a terminológia 
100 1 |a Rusiňák, Peter